banner koha

Os amigos naturais dos pomares (Registro n. 299686)

MARC details
000 -LÍDER
fixed length control field 00856nab a2200277 4500
003 - CÓDIGO MARC DA AGÊNCIA CATALOGADORA
Campo de controle BR-BrBNA
005 - DATA E HORA DA ÚLTIMA ATUALIZAÇÃO
Campo de controle 20240520154835.0
008 - CAMPO DE TAMANHO FIXO
fixed length control field 240520b bl.||||| |||| 00| 0 por d
040 ## - FONTE DA CATALOGAÇÃO
Agência catalogadora BR-BrBNA
Idioma da catalogação por
072 ## - CATEGORIA AGRIS
Código AGRIS H10 ; H01
100 ## - ENTRADA PRINCIPAL - NOME PESSOAL
Nome pessoal Benvenga, Sérgio Roberto
100 ## - ENTRADA PRINCIPAL - NOME PESSOAL
Nome pessoal Gravena, Santin
100 ## - ENTRADA PRINCIPAL - NOME PESSOAL
Nome pessoal Silva, José Luiz
245 ## - TÍTULO PRINCIPAL
Título principal Os amigos naturais dos pomares
Subtítulo Manejo de Pragas
500 ## - NOTA GERAL
Nota geral 33 illus.
942 ## - ADDED ENTRY ELEMENTS (KOHA)
Koha item type
650 ## - ASSUNTO - THESAGRO
Cabeçalho tópico ou nome geográfico CITRICULTURA
650 ## - ASSUNTO - THESAGRO
Cabeçalho tópico ou nome geográfico POMAR
650 ## - ASSUNTO - THESAGRO
Cabeçalho tópico ou nome geográfico PRAGA
650 ## - ASSUNTO - THESAGRO
Cabeçalho tópico ou nome geográfico INIMIGO NATURAL
650 ## - ASSUNTO - THESAGRO
Cabeçalho tópico ou nome geográfico PREDADOR
650 ## - ASSUNTO - THESAGRO
Cabeçalho tópico ou nome geográfico PARASITA
650 ## - ASSUNTO - THESAGRO
Cabeçalho tópico ou nome geográfico FUNGO
773 0# - ENTRADA ANALÍTICA
Host Biblionumber 4769
Registro do item 314632
Imprenta Bebedouro - SP Grupo Técnico de Assistência e Consultoria em Citrus 2001
Outro identificador 2024-0884
Título Ciência e Pratica (Brazil)
Colação v. 7(25) p. 22-26; (Apr-Jun 2007)
Número de controle de registro BR2024001198

Nenhum exemplar disponível.

BINAGRI

Telefone: (61)3218-2567/2388/3357/2097 - binagri@agro.gov.br

Ministério da Agricultura e Pecuária , Esplanada dos Ministérios, Bloco D, Anexo B, Brasília/DF, CEP: 70.043-900